000 00881nam0a22002531 4500
001 rc\3037923
005 20250806201840.0
035 _a(NLR Aleph) 007178382
090 _a12436
_c12436
100 _a20111004d1941 u y0rusy50 ca
101 0 _arus
102 _aRU
105 _ay z |||||
200 1 _aСтенографический отчет
_fПятая сессия Верховного совета ТССР 24-28 апреля 1941 г.
210 _aАшхабад
_cВерховный Совет Туркм. ССР
_d1941
215 _a165, [2] с.
_d23 см
710 1 2 _aТССР
_bВерховный Совет
_bСозыв
_bСессия
_c1
_d5
801 0 _aRU
_bNLR
_gpsbo
801 1 _aRU
_bELAR
_2rusmarc
852 _aNLR
_jИр66 Г-5/25
942 _cBOOK
945 _aРоссийская национальная библиотека
980 _aNB
980 _aBV